ბათუმის შოთა რუსთაველის სახელმწიფო უნივერსიტეტის ბიბლიოთეკა

რუსეთის სახელმწიფო სისტემა / (ბიბ.ჩანაწერი № 59529)

000 -ლიდერი
ფიქსირებული სიგრძის საკონტროლო ველი 01268nam a22002297a 4500
003 - საკონტროლო ნომრის იდენტიფიკატორი
საკონტროლო ველი Ge_BSU
005 - ბოლო ოპერაციის თარიღი და დრო
საკონტროლო ველი 20230309140808.0
008 - ფიქსირებული სიგრძის მონაცემთა ელემენტები - ზოგადი ინფორმაცია
ფიქსირებული სიგრძის საკონტროლო ველი 230309s1997 ge ||||| |||| 00| 0 geo d
041 ## - ენის კოდი
Language code of text/sound track or separate title geo
080 ## - უნივერსალური ათობითი კლასიფიკაციის ინდექსი
Universal Decimal Classification number 342.4(470) მ-54
100 ## - მთავარი ჩანაწერი - პიროვნების სახელი
Personal name მელქაძე, ოთარ
9 (RLIN) 17149
245 ## - ცნობა სათაურის შესახებ
Title რუსეთის სახელმწიფო სისტემა /
Statement of responsibility, etc ოთარ მელქაძე, კ. ყურაშვილი; მსოფლ. პარლამენტარიზმის კვლევ. ცენტრი.
264 ## - წარმოების, გამოცემის, დისტრიბუციის და სხვა ცნობები
გამოცემის, წარმოების, დისტრიბუციის... ადგილი თბილისი :
გამოცემის, წარმოების, დისტრიბუციის... სახელწოდება უფლება,
გამოცემის, წარმოების, დისტრიბუციის... თარიღი 1997.
300 ## - ფიზიკური აღწერა
Extent 160 გვ. ;
Other physical details 20 სმ.
653 ## - INDEX TERM--UNCONTROLLED
Uncontrolled term რუსეთის ფედერაციის კონსტიტუცია
653 ## - INDEX TERM--UNCONTROLLED
Uncontrolled term პოლიტიკური პარტიები რუსეთში
653 ## - INDEX TERM--UNCONTROLLED
Uncontrolled term რუსეთის სახელმწიფო ხელისუფლება
653 ## - INDEX TERM--UNCONTROLLED
Uncontrolled term რუსეთის უმაღლესი სასამართლო
700 ## - ADDED ENTRY--PERSONAL NAME
Personal name ყურაშვილი, კ.
Relator term ავტორი
9 (RLIN) 17150
710 ## - ADDED ENTRY--CORPORATE NAME
Corporate name or jurisdiction name as entry element მსოფლ. პარლამენტარიზმის კვლევ. ცენტრი
9 (RLIN) 17151
942 ## - ADDED ENTRY ELEMENTS (KOHA)
Source of classification or shelving scheme
Koha item type წიგნი
ეგზემპლარები
ჩამოწერის სტატუსი დაკარგული ეგზემპლარის სტატუსი კლასიფიკაციის წყარო ან თაროზე გაწყობის სქემა დაზიანების სტატუსი არ გაიცემა მუდმივი მდებარეობა (დაცვის ადგილი) ამჟამინდელი ადგილსამყოფელი თაროზე განთავსების ადგილი შეძენის თარიღი ღირებულება, შესყიდვის ნორმალური ფასი სრული შენახვის შიფრი შტრიხკოდი ბოლო ოპერაციის თარიღი ეგზემპლარის მიმდევრობითი ნომერი (კეტერი?) ფასის ძალაში შესვლის თარიღი ეგზემპლარის სახეობა საჯარო შენიშვნა
          ბათუმის შოთა რუსთაველის სახელმწიფო უნივერსიტეტის მთავარი ბიბლიოთეკა ბათუმის შოთა რუსთაველის სახელმწიფო უნივერსიტეტის მთავარი ბიბლიოთეკა წიგნსაცავი 2023-03-09 5.00 342.4(470) მ-54 63978 2023-03-09 63978 2023-03-09 წიგნი 5 ლ.
          ბათუმის შოთა რუსთაველის სახელმწიფო უნივერსიტეტის მთავარი ბიბლიოთეკა ბათუმის შოთა რუსთაველის სახელმწიფო უნივერსიტეტის მთავარი ბიბლიოთეკა წიგნსაცავი 2023-03-09 5.00 342.4(470) მ-54 63979 2023-03-09 63979 2023-03-09 წიგნი 5 ლ.